I Can't Get Enough-benny blanco,Selena Gomez,J Balvin,Tainy(All Lyric) - Statistics

General Stats
  • This quiz has been taken 4 times
  • The average score is 181 of 290
Answer Stats
Lyrics % Correct
Balvin,
100%
can
100%
can't
100%
can't,
100%
en
100%
enough
100%
enough,
100%
enough)
100%
get
100%
I
100%
(J
100%
no
100%
No
100%
we
100%
y
100%
yo
100%
you
100%
a
67%
alone,
67%
alone
67%
as
67%
baby
67%
Baby,
67%
be
67%
body
67%
breath
67%
'Cause
67%
('cause
67%
contact,
67%
Crazy
67%
crazy
67%
daily
67%
de
67%
deeper,
67%
es
67%
fine
67%
getting
67%
Give
67%
gotta
67%
I'll
67%
impact,
67%
it
67%
keep
67%
Keep
67%
know,
67%
la
67%
lately
67%
le
67%
Le
67%
let's
67%
like
67%
lo
67%
long
67%
love
67%
lowkey
67%
me
67%
more
67%
of
67%
on),
67%
on
67%
on)
67%
one's
67%
Our
67%
que
67%
se
67%
Selena)
67%
so
67%
So
67%
some
67%
that,
67%
that
67%
The
67%
want
67%
with
67%
Yeah,
67%
yeah
67%
Yeah
67%
your
67%
you're
67%
and
33%
aquella
33%
bajar
33%
(benny,
33%
benny
33%
blanco)
33%
(come
33%
come
33%
Dice
33%
(eh)
33%
'em)
33%
incredible,
33%
(leggo)
33%
mal
33%
mente
33%
Oh,
33%
olvidar,
33%
quiere
33%
subir
33%
suficiente
33%
'Tá
33%
(Tainy,
33%
(tell
33%
To'
33%
33%
unforgettable
33%
va'
33%
Vamo'
33%
(yah)
33%
yah
33%
yeh-
33%
ahora
0%
ambiente,
0%
andamo'
0%
bonito
0%
(Bonito
0%
busqué
0%
calentar
0%
como
0%
Cuando
0%
el
0%
Ella
0%
Empezamo'
0%
entrar
0%
entre
0%
está
0%
(euh)
0%
hagamo'
0%
je'
0%
Música
0%
otro
0%
para
0%
pie
0%
pone
0%
ponerla
0%
por
0%
quiero
0%
recordar
0%
sed
0%
si
0%
solita,
0%
tenía
0%
trago
0%
(uh)
0%
ve'
0%
ve
0%
ve)
0%
(wuh)
0%
No matching quizzes found
Score Distribution
Percent of People with Each Score
Percentile by Number Answered
Your Score History
You have not taken this quiz